| 000 | 00762nam a2200205 a 4500 | ||
|---|---|---|---|
| 005 | 20160907165135.0 | ||
| 008 | 160907b2015 ck ao|||r|||| 00| 0 spa d | ||
| 040 |
_aCO-BoIAVH _cCO-BoIAVH |
||
| 041 | 0 | _aspa | |
| 044 | _ack | ||
| 082 | 0 | 4 |
_a338.2068 _bP96v |
| 245 | 0 | 0 | _aPropuestas para una visión compartida sobre la minería en Colombia |
| 260 |
_aBogotá, Colombia : _bGDIAM, _c2015. |
||
| 300 |
_a96 páginas : _bilustraciones a color y fotografías a color ; _c28 x 21 cm. |
||
| 650 | 2 | 6 |
_aMinería _xAspectos económicos _zColombia |
| 650 | 2 | 6 |
_aMinería _xAspectos sociales _zColombia |
| 650 | 2 | 6 |
_aOrdenación territorial _zColombia |
| 710 | 2 | _aGrupo de diálogo sobre minería en Colombia (GDIAM) | |
| 942 |
_2ddc _cLIBRO |
||
| 999 |
_c19001 _d19001 |
||